000
00293nam a22001217a 4500
008
180306b xxu||||| |||| 00| 0 eng d
041
_a
eng
080
_2
13th ed.
_a
338
100
_a
53
101
_a
MNG
245
_a
Strategic Management and Business Policy
_c
Wheelen, TH.L
942
_2
udc
_c
BK
999
_c
44152
_d
44152